Igualdad ciudadanía y actores en las políticas sociales /
সংরক্ষণ করুন:
| প্রধান লেখক: | |
|---|---|
| বিন্যাস: | পাঠ্য |
| বিষয়গুলি: | |
| ট্যাগগুলো: |
ট্যাগ যুক্ত করুন
কোনো ট্যাগ নেই, প্রথমজন হিসাবে ট্যাগ করুন!
|
MARC
| LEADER | 00000 a a2200000 04500 | ||
|---|---|---|---|
| 001 | 44785 | ||
| 003 | |||
| 040 | |||
| 100 | |a Garretón M., Manuel Antonio | ||
| 245 | |a Igualdad ciudadanía y actores en las políticas sociales / |c Manuel Antonio Garretón M. | ||
| 650 | |a DESIGUALDAD SOCIAL | ||
| 650 | |a DESIGUALDAD ECONOMICA | ||
| 650 | |a POLITICAS SOCIALES | ||
| 650 | |a ACTORES SOCIALES | ||
| 773 | |g páginas 186-194 | ||
| 999 | |c 27096 |d 27096 | ||
